000 00286nam a22001217a 4500
082 _a001
_bBOY/W
100 _aBOYER,CRISPIN
245 _aWHY ANSWERS TO EVERYTHING
260 _aWASHINGTON
_bNATIONAL GEOGRAPHIC
300 _a223
650 _aGENERAL KNOWLEDGE
_zWASHINGTON
942 _cBK
999 _c2679
_d2679